[Event "Philadelphia National Congress 31st"]
[Site "Philadelphia"]
[Date "2000.11.28"]
[Round "5"]
[White "Traldi, Matthew"]
[Black "Anderson, Renard"]
[Result "1/2-1/2"]
[WhiteElo "2160"]
[BlackElo "2228"]
[PlyCount "63"]
[EventDate "2000.11.26"]
[EventType "swiss"]
[EventRounds "6"]
[EventCountry "USA"]
[SourceTitle "CBM 079 Extra"]
[Source "ChessBase"]
[SourceDate "2001.01.11"]
[SourceVersion "2"]
[SourceVersionDate "2001.01.25"]
[SourceQuality "1"]

1. e4 c5 2. Nf3 d6 3. d4 cxd4 4. Nxd4 Nf6 5. Nc3 a6 6. Be2 e5 7. Nb3 Be7 8. 0-0 Be6 9. Be3 0-0 10. f4 exf4 11. Rxf4 Nc6 12. Nd4 Nxd4 13. Bxd4 Nd7 14. Bg4 Bg5 15. Rf2 Bh4 16. Rd2 Qg5 17. Bf3 Ne5 18. Bxe5 dxe5 19. g3 Rad8 20. Nd5 Bxd5 21. exd5 e4 22. Bg2 Qe3+ 23. Kh1 Bxg3 24. hxg3 Qxg3 25. Qe1 Qg5 26. Bxe4 Rfe8 27. Re2 Rd6 28. Bxh7+ Kxh7 29. Rh2+ Rh6 30. Qxe8 Qxd5+ 31. Kg1 Qd4+ 32. Rf2 1/2-1/2

[Event "Philadelphia National Congress 31st"]
[Site "Philadelphia"]
[Date "2000.11.27"]
[Round "3"]
[White "Traldi, Matthew"]
[Black "Ippolito, Dean"]
[Result "0-1"]
[WhiteElo "2160"]
[BlackElo "2376"]
[PlyCount "112"]
[EventDate "2000.11.26"]
[EventType "swiss"]
[EventRounds "6"]
[EventCountry "USA"]
[SourceTitle "CBM 079 Extra"]
[Source "ChessBase"]
[SourceDate "2001.01.11"]
[SourceVersion "2"]
[SourceVersionDate "2001.01.25"]
[SourceQuality "1"]

1. e4 e5 2. Nc3 Nf6 3. f4 d5 4. fxe5 Nxe4 5. d3 Nxc3 6. bxc3 d4 7. Nf3 Nc6 8. Be2 Bc5 9. 0-0 dxc3+ 10. Kh1 0-0 11. Qe1 Nd4 12. Qxc3 b6 13. Qd2 f6 14. c3 Nxe2 15. Qxe2 Bg4 16. d4 Be7 17. Qc4+ Kh8 18. e6 Qd6 19. d5 Bxf3 20. gxf3 c6 21. Bf4 Qxd5 22. Qxd5 cxd5 23. Rad1 Rad8 24. Bc1 Rfe8 25. Rd3 Bc5 26. Re1 Kg8 27. f4 f5 28. Re5 g6 29. Be3 Bxe3 30. Rdxe3 Rd6 31. Kg2 Kg7 32. Kf3 Kf6 33. e7 Rd7 34. Rd3 Rexe7 35. Rdxd5 Rxd5 36. Rxd5 Rc7 37. Rd3 Rc4 38. Ke3 Re4+ 39. Kf3 Ra4 40. Rd7 Ra5 41. Rc7 b5 42. Ke3 b4 43. Kd4 bxc3 44. Rxh7 c2 45. Rc7 Rxa2 46. Rc6+ Kg7 47. h3 Ra4+ 48. Ke3 Ra3+ 49. Kd4 Rf3 50. Rc7+ Kf6 51. Rc6+ Ke7 52. Ke5 Re3+ 53. Kd5 Re2 54. Rc7+ Kf6 55. Rc6+ Kg7 56. Rc3 a5 0-1

[Event "USA-ch U16"]
[Site "San Francisco"]
[Date "2000.06.27"]
[Round "6"]
[White "Traldi, Matthew"]
[Black "Fernandez, Daniel"]
[Result "1-0"]
[WhiteElo "2166"]
[BlackElo "2140"]
[PlyCount "133"]
[EventDate "2000.06.22"]
[EventType "tourn"]
[EventRounds "7"]
[EventCountry "USA"]
[SourceTitle "EXT 2002"]
[Source "ChessBase"]
[SourceDate "2001.11.25"]
[SourceVersion "1"]
[SourceVersionDate "2001.11.25"]
[SourceQuality "1"]

1. Nc3 g6 2. e4 Bg7 3. d4 c5 4. dxc5 Qa5 5. Nge2 Nf6 6. Bd2 Qxc5 7. Be3 Qa5 8. f3 0-0 9. Qd2 Nc6 10. 0-0-0 b5 11. Kb1 Bb7 12. Bh6 Bxh6 13. Qxh6 Ne5 14. h4 Rac8 15. h5 Rc5 16. Nd4 Rxc3 17. hxg6 fxg6 18. Qd2 Rfc8 19. Nxb5 Ba6 20. Nxc3 Bxf1 21. Rdxf1 Nc4 22. Qd3 Qb4 23. Nd1 Nd2+ 24. Kc1 Nxf1 25. Rxf1 Qa5 26. Nc3 Qg5+ 27. Qd2 Qh4 28. Nd5 Nh5 29. Qh6 e6 30. Nc3 Qg3 31. Qd2 Nf4 32. Qxd7 Rf8 33. Qxa7 Nxg2 34. Qf2 Qf4+ 35. Qd2 h5 36. Qxf4 Rxf4 37. Ne2 Rh4 38. Rg1 Rh2 39. b4 Ne3 40. Re1 h4 41. b5 Nc4 42. c3 h3 43. Kc2 Rg2 44. Rh1 h2 45. Kd3 Nb2+ 46. Ke3 Nc4+ 47. Kd4 Na3 48. Nf4 Nxb5+ 49. Kc5 Rg5+ 50. Kb4 Nd6 51. a4 e5 52. Nd5 Rg2 53. Nf6+ Kf7 54. Ng4 Nxe4 55. Rxh2 Rxh2 56. Nxh2 Nd6 57. a5 Ke6 58. a6 Nc8 59. Kc5 Kd7 60. Ng4 Kc7 61. Nxe5 Kb8 62. Nxg6 Ka7 63. f4 Kxa6 64. f5 Kb7 65. f6 Kc7 66. f7 Nb6 67. Ne5 1-0

[Event "USA-ch U16"]
[Site "San Francisco"]
[Date "2000.06.22"]
[Round "1"]
[White "Traldi, Matthew"]
[Black "Friedel, Joshua E"]
[Result "1/2-1/2"]
[WhiteElo "2166"]
[BlackElo "2190"]
[PlyCount "106"]
[EventDate "2000.06.22"]
[EventType "tourn"]
[EventRounds "7"]
[EventCountry "USA"]
[SourceTitle "EXT 2002"]
[Source "ChessBase"]
[SourceDate "2001.11.25"]
[SourceVersion "1"]
[SourceVersionDate "2001.11.25"]
[SourceQuality "1"]

1. e4 e5 2. Nc3 Nf6 3. f4 d5 4. fxe5 Nxe4 5. d3 Nxc3 6. bxc3 d4 7. Nf3 Nc6 8. Be2 Bc5 9. 0-0 0-0 10. Qe1 dxc3+ 11. Kh1 Bg4 12. Rb1 Qd5 13. Qxc3 Nxe5 14. Bb2 Rae8 15. d4 Bxf3 16. gxf3 Bxd4 17. Qxd4 Qxd4 18. Bxd4 Nc6 19. Bb5 Nxd4 20. Bxe8 Rxe8 21. Rxb7 g5 22. Rxc7 Re2 23. c3 Rc2 24. a4 h5 25. a5 h4 26. Rxa7 Rxc3 27. a6 Ra3 28. f4 g4 29. Rg1 g3 30. hxg3 hxg3 31. Ra8+ Kg7 32. a7 Ne6 33. Rc8 Rxa7 34. Rxg3+ Kf6 35. Rc4 Kf5 36. Rf3 Ra2 37. Kg1 Rd2 38. Rf1 Re2 39. Ra4 Re4 40. Rxe4 Kxe4 41. Kg2 Nxf4+ 42. Kg3 Ng6 43. Rxf7 Ne5 44. Rf1 Nd3 45. Kg4 Ne5+ 46. Kg5 Nf3+ 47. Kf6 Nd4 48. Re1+ Kd5 49. Rh1 Ke4 50. Rh4+ Kd5 51. Rh5+ Ke4 52. Rh4+ Kd5 53. Rxd4+ Kxd4 1/2-1/2

[Event "World op 27th"]
[Site "Philadelphia"]
[Date "1999.07.04"]
[Round "6"]
[White "Traldi, Matthew"]
[Black "Szmetan, Jorge"]
[Result "0-1"]
[WhiteElo "2283"]
[BlackElo "2503"]
[PlyCount "66"]
[EventDate "1999.06.27"]
[EventType "swiss"]
[EventRounds "9"]
[EventCountry "USA"]
[SourceTitle "EXT 2000"]
[Source "ChessBase"]
[SourceDate "1999.11.16"]
[SourceVersion "1"]
[SourceVersionDate "1999.11.16"]
[SourceQuality "1"]

1. e4 Nf6 2. e5 Nd5 3. d4 d6 4. Nf3 Bg4 5. Be2 c6 6. 0-0 Bxf3 7. Bxf3 dxe5 8. dxe5 e6 9. c4 Ne7 10. Qxd8+ Kxd8 11. Bg5 Kc7 12. Bh5 Ng6 13. Bxg6 hxg6 14. Nc3 Nd7 15. Bf4 Nc5 16. Rad1 a5 17. Rd4 Be7 18. Rfd1 Rhd8 19. Be3 Rxd4 20. Rxd4 f5 21. f4 Nd7 22. Kf2 Rh8 23. h3 b6 24. Rd3 g5 25. Ne2 gxf4 26. Nxf4 Rh6 27. Rb3 Nc5 28. Bxc5 Bxc5+ 29. Kf3 g5 30. Ne2 Rh4 31. Rc3 Re4 32. Nc1 Bd4 33. Rc2 Re3+ 0-1

[Event "World op 27th"]
[Site "Philadelphia"]
[Date "1999.07.01"]
[Round "5"]
[White "Traldi, Matthew"]
[Black "Perelshteyn, Eugene"]
[Result "1/2-1/2"]
[WhiteElo "2118"]
[BlackElo "2416"]
[PlyCount "81"]
[EventDate "1999.06.27"]
[EventType "swiss"]
[EventRounds "9"]
[EventCountry "USA"]
[SourceTitle "EXT 2000"]
[Source "ChessBase"]
[SourceDate "1999.11.16"]
[SourceVersion "1"]
[SourceVersionDate "1999.11.16"]
[SourceQuality "1"]

1. e4 c5 2. Nf3 g6 3. d4 cxd4 4. Nxd4 Nc6 5. Nxc6 bxc6 6. Qd4 Nf6 7. e5 Nd5 8. Bc4 Qb6 9. c3 Bg7 10. 0-0 0-0 11. Bxd5 cxd5 12. Qxb6 axb6 13. f4 Ba6 14. Rd1 d6 15. exd6 e6 16. Be3 Rab8 17. a4 Rfd8 18. Bd4 f6 19. a5 bxa5 20. Rxa5 Rxd6 21. b4 Bb7 22. Rb5 Rd7 23. Re1 Re8 24. Nd2 Kf7 25. Nb3 e5 26. fxe5 fxe5 27. Bf2 Ba8 28. Ra5 Rc7 29. Bc5 Rcc8 30. Ra7+ Kg8 31. Rf1 d4 32. Rff7 Bh8 33. Rxh7 Bd5 34. Nc1 dxc3 35. Rhc7 Bf6 36. Be3 c2 37. b5 Be4 38. b6 Rcd8 39. Rd7 Rxd7 40. Rxd7 Re7 41. Rc7 1/2-1/2